000 00740nam a2200241 i 4500
001 145913
003 ES-MaACL
005 20250822030845.0
007 t|
008 071017s1985 sp ||||1| spa d
020 _a84-206-6503-7
100 1 _aVega, Manuel de.
_9113572
245 1 0 _aIntroducción a la psicología cognitiva /
_cManuel de Vega ; [prólogo de Julio Seoane].
250 _a1ª ed., reimp.
260 _aMadrid :
_bAlianza,
_c1985.
300 _a562 p. ;
_c23 cm.
490 1 _aAlianza psicología ;
_v3
650 0 7 _aPsicología cognitiva
_2embne
_916554
700 1 _aSeoane, Julio.
_9105488
830 0 _aAlianza psicología ;
_v3
_9178168
852 _aES-MaACL
_jL-12286
_bR.115337
999 _c145913
_d145913